The Public Employment Service in Japan, Norway, Spain and the United Kingdom
Guardado en:
| Formato: | Libro |
|---|---|
| Lenguaje: | inglés |
| Publicado: |
Paris
OECD
1993
|
| Colección: | OECD Documents
|
| Materias: | |
| Etiquetas: |
Sin Etiquetas, Sea el primero en etiquetar este registro!
|
MARC
| LEADER | 00000nam a2200000 4500 | ||
|---|---|---|---|
| 001 | c005137 | ||
| 005 | 20240422074846.9 | ||
| 020 | |a 92-64-14021-2 | ||
| 041 | 0 | |a eng | |
| 044 | |a FR | ||
| 245 | 1 | 0 | |a The Public Employment Service in Japan, Norway, Spain and the United Kingdom |
| 264 | 1 | |a Paris |b OECD |c 1993 | |
| 300 | |a 139 s. | ||
| 490 | 1 | |a OECD Documents | |
| 830 | 0 | |a OECD Documents | |
| 610 | 2 | 0 | |a zamestnanosť |
| 610 | 2 | 0 | |a nezamestnanosť |
| 610 | 2 | 0 | |a politika hospodárska |
| 610 | 2 | 0 | |a úrady práce |
| 610 | 2 | 0 | |a podpory v nezamestnanosti |
| 610 | 2 | 0 | |a trh práce |
| 610 | 2 | 0 | |a rekvalifikácia |
| 610 | 2 | 0 | |a služby |
| 610 | 2 | 0 | |a 1981-1990 |
| 610 | 2 | 0 | |a Japonsko |
| 610 | 2 | 0 | |a Nórsko |
| 610 | 2 | 0 | |a Španielsko |
| 610 | 2 | 0 | |a Veľká Británia |